| 000 | 00355nam a2200133Ia 4500 | ||
|---|---|---|---|
| 005 | 20260328101518.0 | ||
| 008 | 260328s9999||||xx |||||||||||||| ||und|| | ||
| 100 | _aDe Sagredo, Diego | ||
| 245 | 0 |
_aMedidas del Romano / _cDiego De Sagredo |
|
| 260 | _bAcademia de la Historia del Valle del Cauca | ||
| 300 | _a78 p. | ||
| 650 | _aEDAD ANTIGUA | ||
| 942 | _cBK | ||
| 999 |
_c9489 _d9489 |
||